Environmental credentials (Record no. 73485)
[ view plain ]
| 000 -LEADER | |
|---|---|
| fixed length control field | 01220cam a2200241 4500 |
| 001 - CONTROL NUMBER | |
| control field | ABS67041 |
| 008 - FIXED-LENGTH DATA ELEMENTS--GENERAL INFORMATION | |
| fixed length control field | 030930n2003 000 0 eng u |
| 035 ## - SYSTEM CONTROL NUMBER | |
| System control number | (Sirsi) u123755 |
| 100 ## - MAIN ENTRY--PERSONAL NAME | |
| Personal name | Blamey, M. |
| 245 ## - TITLE STATEMENT | |
| Title | Environmental credentials |
| 260 ## - PUBLICATION, DISTRIBUTION, ETC. | |
| Date of publication, distribution, etc. | 2003 |
| 490 ## - SERIES STATEMENT | |
| Series statement | House Builder |
| Volume/sequential designation | 62(7) August 2003, 15-16(2) |
| 520 ## - SUMMARY, ETC. | |
| Summary, etc. | Focuses on the NHBC new EcoHomes assessment service (developed with BRE) as an example of the house building industry's commitment to environment and sustainability issues. The EcoHomes service rates the environmental performance of new homes and recognises environmental performance through good design. Describes the scheme's seven environmental categories and four assessment levels. Illustrates the increasing importance of environmental performance rating citing examples such as all new social housing projects requiring Housing Corporation funding must be EcoHomes assessed from April 2003. |
| 590 ## - LOCAL NOTE (RLIN) | |
| Local note | ABS |
| 650 ## - SUBJECT ADDED ENTRY--TOPICAL TERM | |
| Topical term or geographic name entry element | DESIGN QUALITY |
| 650 ## - SUBJECT ADDED ENTRY--TOPICAL TERM | |
| Topical term or geographic name entry element | ECOHOMES |
| 650 ## - SUBJECT ADDED ENTRY--TOPICAL TERM | |
| Topical term or geographic name entry element | ENVIRONMENTAL RATING SYSTEM |
| 650 ## - SUBJECT ADDED ENTRY--TOPICAL TERM | |
| Topical term or geographic name entry element | NEW HOMES |
| 650 ## - SUBJECT ADDED ENTRY--TOPICAL TERM | |
| Topical term or geographic name entry element | ENVIRONMENTAL PERFORMANCE |
| 650 ## - SUBJECT ADDED ENTRY--TOPICAL TERM | |
| Topical term or geographic name entry element | SOCIAL HOUSING |
| 690 ## - LOCAL SUBJECT ADDED ENTRY--TOPICAL TERM (OCLC, RLIN) | |
| Topical term or geographic name as entry element | BUILT ENVIRONMENT-SUSTAINABLE CONSTRUCTION |
| 942 ## - ADDED ENTRY ELEMENTS (KOHA) | |
| Suppress in OPAC | 0 |
| Withdrawn status | Lost status | Source of classification or shelving scheme | Damaged status | Not for loan | Home library | Current library | Shelving location | Date acquired | Total Checkouts | Full call number | Barcode | Date last seen | Copy number | Price effective from | Koha item type |
|---|---|---|---|---|---|---|---|---|---|---|---|---|---|---|---|
| Dewey Decimal Classification | London | London | Journal article | 30/09/2003 | ABS67041 | 123755-1001 | 06/08/2019 | 1 | 06/08/2019 | Journal article |